000 00466nam a2200181Ia 4500
001 2698
005 20260306144826.0
008 260306t2017||||xx |||||||||||||| ||spa||
041 _aESP
082 _a211.6
_bP79
100 _aLerner Febres, Salomón
_eAUT
245 0 _aPostsecularización:
_bnuevos escenarios del encuentro entre culturas
260 _c2017
300 _a402 páginas :
_c23 cm.
650 _aGEN
654 _aCHU
942 _cLIB
_dJUS
_fJUS
_2ddc
_n
999 _c2698
_d2698